Roses (Record no. 35540)
[ view plain ]
| 000 -LEADER | |
|---|---|
| fixed length control field | 00281nam a2200121Ia 4500 |
| 082 ## - DEWEY DECIMAL CLASSIFICATION NUMBER | |
| Classification number | 633.811 |
| Item number | SEY |
| 100 ## - MAIN ENTRY--AUTHOR NAME | |
| Personal name | SEYMOUR, Jacqueline |
| 245 #0 - TITLE STATEMENT | |
| Title | Roses |
| 260 ## - PUBLICATION, DISTRIBUTION, ETC. (IMPRINT) | |
| Name of publisher | Colour international |
| 490 ## - SERIES STATEMENT | |
| Series statement | Nature series |
| 942 ## - ADDED ENTRY ELEMENTS (KOHA) | |
| Koha item type | Books |
| Withdrawn status | Lost status | Damaged status | Not for loan | Home library | Current library | Date acquired | Full call number | Accession Number | Koha item type |
|---|---|---|---|---|---|---|---|---|---|
| RRII Library | RRII Library | 16/12/2021 | 633.811 SEY | 15964 | Books |